[Event "Ste Foy Euwe"]
[Site "Ste Foy CAN"]
[Date "2017.02.04"]
[Round "4"]
[White "Lessard, Claude"]
[Black "Drolet, Stephane"]
[Result "1/2-1/2"]
[WhiteElo "2174"]
[BlackElo "2113"]
[WhiteFideId "-1"]
[WhiteFideId "-1"]
[PlyCount "48"]
[GameId "2160767908478882"]
[EventDate "2017.01.14"]
[EventType "swiss"]
[EventRounds "5"]
[EventCountry "CAN"]
[SourceTitle "EXT 2022"]
[Source "ChessBase"]
[SourceDate "2021.10.06"]
[SourceVersion "1"]
[SourceVersionDate "2021.10.06"]
[SourceQuality "1"]

1. Nf3 Nf6 2. d4 d5 3. c4 e6 4. e3 Be7 5. Nc3 O-O 6. cxd5 exd5 7. Bd3 Nbd7 8. O-O Re8 9. Ne5 Nxe5 10. dxe5 Ng4 11. f4 d4 12. Ne2 Nxe3 13. Bxe3 dxe3 14. Qc2 g6 15. Rad1 Bf8 16. Bb5 Qe7 17. Bxe8 Qxe8 18. h3 Qb5 19. g4 h5 20. Nd4 Qb6 21. f5 hxg4 22. hxg4 Bd7 23. e6 fxe6 24. fxe6 Be8 1/2-1/2

[Event "Ste Foy Euwe"]
[Site "Ste Foy CAN"]
[Date "2017.02.04"]
[Round "4"]
[White "Sauve, Richard"]
[Black "Quigley, Charles David"]
[Result "1-0"]
[WhiteElo "1895"]
[BlackElo "1764"]
[WhiteFideId "-1"]
[WhiteFideId "-1"]
[PlyCount "117"]
[GameId "2160767908478883"]
[EventDate "2017.01.14"]
[EventType "swiss"]
[EventRounds "5"]
[EventCountry "CAN"]
[SourceTitle "EXT 2022"]
[Source "ChessBase"]
[SourceDate "2021.10.06"]
[SourceVersion "1"]
[SourceVersionDate "2021.10.06"]
[SourceQuality "1"]

1. d4 Nf6 2. c4 g6 3. Nc3 Bg7 4. e4 d6 5. f3 O-O 6. Be3 c5 7. Nge2 Nc6 8. Qd2 a6 9. d5 Ne5 10. Ng3 e6 11. Be2 exd5 12. cxd5 b5 13. O-O b4 14. Nd1 Re8 15. Rc1 a5 16. b3 h5 17. Nh1 Ba6 18. Bxa6 Rxa6 19. Nb2 Qe7 20. Nf2 Ned7 21. Na4 Rc8 22. Nd3 Ne8 23. Ndb2 Nc7 24. Qe2 Bxb2 25. Nxb2 Nb6 26. Qd3 a4 27. Nc4 Nxc4 28. Qxc4 Rca8 29. Rb1 R8a7 30. Bc1 Na8 31. Bb2 Nb6 32. Qe2 Nxd5 33. Qd2 Nf6 34. Qg5 Nh7 35. Qd2 axb3 36. axb3 Ra2 37. Qh6 Qf8 38. Qf4 f6 39. Rfd1 R7a6 40. Qg3 Qh6 41. Kh1 Qg5 42. Qxg5 fxg5 43. Kg1 Kf7 44. Kf1 Ke6 45. Ke1 h4 46. Rd5 Kd7 47. Kd1 Kc6 48. Kc2 Kd7 49. Kd3 Ke6 50. Kc4 Rb6 51. e5 dxe5 52. Rxe5+ Kd6 53. Rxc5 Ra8 54. Rd1+ Ke6 55. Re5+ Kf7 56. Rd7+ Kg8 57. Ree7 Nf8 58. Rg7+ Kh8 59. Rh7+ 1-0

[Event "Ste Foy Euwe"]
[Site "Ste Foy CAN"]
[Date "2017.02.11"]
[Round "5"]
[White "Drolet, Stephane"]
[Black "Sauve, Richard"]
[Result "1/2-1/2"]
[WhiteElo "2113"]
[BlackElo "1895"]
[WhiteFideId "-1"]
[WhiteFideId "-1"]
[PlyCount "79"]
[GameId "2160767908478884"]
[EventDate "2017.01.14"]
[EventType "swiss"]
[EventRounds "5"]
[EventCountry "CAN"]
[SourceTitle "EXT 2022"]
[Source "ChessBase"]
[SourceDate "2021.10.06"]
[SourceVersion "1"]
[SourceVersionDate "2021.10.06"]
[SourceQuality "1"]

1. d4 f5 2. Nc3 Nf6 3. Bg5 d5 4. Bxf6 exf6 5. e4 dxe4 6. Bc4 Nc6 7. Nge2 Bd6 8. a3 Qe7 9. Nd5 Qf8 10. O-O Bd7 11. c3 O-O-O 12. b4 Kb8 13. a4 Ne7 14. b5 Nxd5 15. Bxd5 Bxh2+ 16. Kh1 Bd6 17. Qb3 g5 18. g3 Qh6+ 19. Kg1 Qh3 20. b6 cxb6 21. a5 b5 22. c4 a6 23. Rfb1 e3 24. Qxe3 f4 25. Qd3 fxg3 26. fxg3 Bg4 27. Bg2 Bxe2 28. Qxe2 Qxg3 29. cxb5 Rhe8 30. Qh5 Qe3+ 31. Kh1 axb5 32. Rxb5 Re4 33. Rxb7+ Kxb7 34. Qxh7+ Kc8 35. Bxe4 Rd7 36. Qf5 Kd8 37. a6 Qxd4 38. Rc1 Rc7 39. Re1 Qe5 40. Qxe5 1/2-1/2

[Event "Ste Foy Euwe"]
[Site "Ste Foy CAN"]
[Date "2017.02.11"]
[Round "5"]
[White "Laflamme, Simon"]
[Black "Gaudreau, Eric"]
[Result "1/2-1/2"]
[WhiteElo "1873"]
[BlackElo "1656"]
[WhiteFideId "-1"]
[WhiteFideId "-1"]
[PlyCount "39"]
[GameId "2160767908478886"]
[EventDate "2017.01.14"]
[EventType "swiss"]
[EventRounds "5"]
[EventCountry "CAN"]
[SourceTitle "EXT 2022"]
[Source "ChessBase"]
[SourceDate "2021.10.06"]
[SourceVersion "1"]
[SourceVersionDate "2021.10.06"]
[SourceQuality "1"]

1. Nf3 d5 2. c4 e6 3. g3 c6 4. Bg2 f5 5. O-O Nf6 6. d4 Bd6 7. Qc2 O-O 8. Nc3 Qe7 9. b3 Bd7 10. Bb2 Be8 11. Rfe1 Bh5 12. cxd5 cxd5 13. Ne5 a6 14. Na4 Nbd7 15. Nd3 Rac8 16. Qd1 b6 17. Rc1 g5 18. Ne5 b5 19. Nxd7 Nxd7 20. Nc3 1/2-1/2

[Event "Ste Foy Euwe"]
[Site "Ste Foy CAN"]
[Date "2017.02.11"]
[Round "5"]
[White "Oliver, Vance"]
[Black "Doyon, Stephane"]
[Result "1/2-1/2"]
[WhiteElo "1511"]
[BlackElo "1881"]
[WhiteFideId "-1"]
[WhiteFideId "-1"]
[PlyCount "107"]
[GameId "2160767908478887"]
[EventDate "2017.01.14"]
[EventType "swiss"]
[EventRounds "5"]
[EventCountry "CAN"]
[SourceTitle "EXT 2022"]
[Source "ChessBase"]
[SourceDate "2021.10.06"]
[SourceVersion "1"]
[SourceVersionDate "2021.10.06"]
[SourceQuality "1"]

1. Nf3 d5 2. g3 Nf6 3. Bg2 Bg4 4. d3 e6 5. Nbd2 c5 6. O-O Be7 7. c3 Nc6 8. e4 dxe4 9. dxe4 O-O 10. Qc2 Qc7 11. Re1 Rad8 12. a4 Rd7 13. Nc4 e5 14. Nh4 Rfd8 15. Bg5 Be6 16. Qe2 h6 17. Bxf6 Bxf6 18. Nf5 Rd3 19. Nfe3 Bxc4 20. Nxc4 Na5 21. Nxa5 Qxa5 22. Red1 Rxd1+ 23. Rxd1 Qxa4 24. Rxd8+ Bxd8 25. Bf1 Bg5 26. Qc4 Qxc4 27. Bxc4 Bc1 28. b3 Bb2 29. Bd5 Bxc3 30. Bxb7 Kf8 31. Ba6 Ke7 32. Kf1 Kd6 33. Ke2 Kc6 34. Kd3 Bd4 35. f3 Kb6 36. Bc4 f6 37. g4 Ka5 38. h4 Kb4 39. h5 a5 40. Bd5 a4 41. bxa4 Kxa4 42. Bc4 Ka3 43. Bd5 Kb2 44. Bc4 Kc1 45. Bb3 Bb2 46. Ke2 Ba3 47. Kd3 Bb4 48. Ba4 Ba5 49. Bb3 c4+ 50. Bxc4 Kd1 51. Bb3+ Ke1 52. Bc2 Bb6 53. Bb3 Kf2 54. Bd1 1/2-1/2

[Event "Ste Foy Fischer"]
[Site "Ste Foy CAN"]
[Date "2017.10.14"]
[Round "1"]
[White "Bissonnette, Mathieu"]
[Black "Desbiens, Raphael"]
[Result "0-1"]
[WhiteElo "1569"]
[BlackElo "1940"]
[WhiteFideId "-1"]
[WhiteFideId "-1"]
[PlyCount "88"]
[GameId "2160767908317465"]
[EventDate "2017.10.14"]
[EventType "swiss"]
[EventRounds "5"]
[EventCountry "CAN"]
[SourceTitle "EXT 2022"]
[Source "ChessBase"]
[SourceDate "2021.10.06"]
[SourceVersion "1"]
[SourceVersionDate "2021.10.06"]
[SourceQuality "1"]

1. e4 e5 2. f4 exf4 3. Nf3 g5 4. Bc4 g4 5. O-O gxf3 6. Qxf3 Qf6 7. d3 d5 8. exd5 Bd6 9. Nc3 Qf5 10. Bd2 Nf6 11. Rae1+ Kf8 12. Nb5 Qh5 13. Bxf4 Qxf3 14. Bxd6+ cxd6 15. Rxf3 Nbd7 16. Nxd6 h5 17. Rfe3 Nb6 18. Re7 Rh7 19. Nxc8 Rxc8 20. d6 Nfd7 21. Rf1 Nxc4 22. dxc4 Rd8 23. b4 b6 24. a4 Kg8 25. Rfe1 f6 26. Re8+ Rxe8 27. Rxe8+ Kf7 28. Re7+ Kg6 29. Rxh7 Kxh7 30. a5 Kg7 31. axb6 axb6 32. Kf2 Kf7 33. Kg3 Kg6 34. Kf4 f5 35. c5 bxc5 36. bxc5 Nxc5 37. Ke5 h4 38. Kd5 Ne4 39. d7 Nf6+ 40. Ke6 Nxd7 41. Kxd7 f4 42. c4 h3 43. c5 hxg2 44. c6 g1=Q 0-1

[Event "Ste Foy Fischer"]
[Site "Ste Foy CAN"]
[Date "2017.10.14"]
[Round "1"]
[White "Lemire-Paquin, Alexandre"]
[Black "Chouinard, Marc"]
[Result "1-0"]
[WhiteElo "2071"]
[BlackElo "1601"]
[WhiteFideId "-1"]
[WhiteFideId "-1"]
[PlyCount "93"]
[GameId "2160767908317466"]
[EventDate "2017.10.14"]
[EventType "swiss"]
[EventRounds "5"]
[EventCountry "CAN"]
[SourceTitle "EXT 2022"]
[Source "ChessBase"]
[SourceDate "2021.10.06"]
[SourceVersion "1"]
[SourceVersionDate "2021.10.06"]
[SourceQuality "1"]

1. Nf3 Nf6 2. c4 d6 3. d4 Nbd7 4. Nc3 e5 5. e4 Be7 6. Be2 O-O 7. O-O exd4 8. Nxd4 Nc5 9. f3 c6 10. b4 Ne6 11. Be3 Nxd4 12. Qxd4 Be6 13. Rfd1 c5 14. bxc5 dxc5 15. Qxd8 Rfxd8 16. Nd5 Bxd5 17. cxd5 Bd6 18. Rab1 Rab8 19. Rdc1 b6 20. Bb5 Ne8 21. Bc6 Nc7 22. f4 f6 23. Rb3 Na6 24. a3 Rf8 25. Kf2 Rf7 26. Kf3 Rd8 27. Bf2 Nb8 28. Bb5 Re7 29. a4 Nd7 30. g3 Kf7 31. Bf1 Rde8 32. Bh3 g6 33. Be6+ Kg7 34. Rc4 Rb8 35. h4 a6 36. Rc1 Nf8 37. Bh3 Nd7 38. Bf1 Ra8 39. Bc4 Ree8 40. Be1 Re7 41. Bc3 h5 42. Re1 a5 43. Bb2 Rae8 44. Rbe3 Kf7 45. Bb5 Rd8 46. e5 fxe5 47. fxe5 1-0

[Event "Ste Foy Fischer"]
[Site "Ste Foy CAN"]
[Date "2017.10.14"]
[Round "1"]
[White "Lessard, Claude"]
[Black "Sarra-Bournet, Marc"]
[Result "1-0"]
[WhiteElo "2127"]
[BlackElo "1771"]
[WhiteFideId "-1"]
[WhiteFideId "-1"]
[PlyCount "83"]
[GameId "2160767908317467"]
[EventDate "2017.10.14"]
[EventType "swiss"]
[EventRounds "5"]
[EventCountry "CAN"]
[SourceTitle "EXT 2022"]
[Source "ChessBase"]
[SourceDate "2021.10.06"]
[SourceVersion "1"]
[SourceVersionDate "2021.10.06"]
[SourceQuality "1"]

1. d4 d5 2. Nf3 Nf6 3. e3 e6 4. Bd3 Bd6 5. O-O O-O 6. Nbd2 b6 7. Ne5 Bb7 8. f4 c5 9. b3 Nc6 10. Bb2 Qe7 11. a3 Rac8 12. Qf3 cxd4 13. exd4 Bb8 14. Rae1 Nxe5 15. fxe5 Ne4 16. Rxe4 dxe4 17. Nxe4 Bxe4 18. Qxe4 g6 19. Bc1 Rfd8 20. a4 Qb4 21. Be3 Rc7 22. h4 Rcd7 23. Qf4 f5 24. Bc4 Re7 25. h5 Rde8 26. hxg6 hxg6 27. d5 Qc3 28. d6 Rg7 29. Bd3 Qc8 30. Bc4 Qb7 31. Rd1 a6 32. Qg5 b5 33. d7 Rxd7 34. Qxg6+ Kf8 35. Bh6+ Rg7 36. Qf6+ Kg8 37. Bxe6+ Kh8 38. Bxg7+ Qxg7 39. Rd8 Ba7+ 40. Kf1 Rxd8 41. Qxd8+ Kh7 42. Bxf5+ 1-0

[Event "Ste Foy Fischer"]
[Site "Ste Foy CAN"]
[Date "2017.10.14"]
[Round "1"]
[White "Michaud, Jacques"]
[Black "Sauve, Richard"]
[Result "0-1"]
[WhiteElo "1530"]
[BlackElo "1919"]
[WhiteFideId "-1"]
[WhiteFideId "-1"]
[PlyCount "54"]
[GameId "2160767908317468"]
[EventDate "2017.10.14"]
[EventType "swiss"]
[EventRounds "5"]
[EventCountry "CAN"]
[SourceTitle "EXT 2022"]
[Source "ChessBase"]
[SourceDate "2021.10.06"]
[SourceVersion "1"]
[SourceVersionDate "2021.10.06"]
[SourceQuality "1"]

1. d4 e6 2. Nf3 d5 3. Bg5 Nf6 4. e3 c5 5. Bb5+ Nc6 6. O-O a6 7. Bd3 h6 8. Bh4 Bd7 9. c4 dxc4 10. Bxc4 cxd4 11. exd4 Be7 12. d5 Nxd5 13. Bxd5 Bxh4 14. Re1 Bf6 15. Nc3 O-O 16. Bb3 Qc7 17. Qc2 Nd4 18. Nxd4 Bxd4 19. Rad1 Bxc3 20. Re3 Rad8 21. Rxc3 Bc6 22. Ba4 Rxd1+ 23. Qxd1 Rd8 24. Qc1 Qd6 25. Bc2 Qd2 26. Qb1 Be4 27. h3 Bxc2 0-1

[Event "Ste Foy Fischer"]
[Site "Ste Foy CAN"]
[Date "2017.10.14"]
[Round "1"]
[White "Stoyanova, Stela"]
[Black "Drolet, Stephane"]
[Result "0-1"]
[WhiteElo "1636"]
[BlackElo "2100"]
[WhiteFideId "-1"]
[WhiteFideId "-1"]
[PlyCount "88"]
[GameId "2160767908317469"]
[EventDate "2017.10.14"]
[EventType "swiss"]
[EventRounds "5"]
[EventCountry "CAN"]
[SourceTitle "EXT 2022"]
[Source "ChessBase"]
[SourceDate "2021.10.06"]
[SourceVersion "1"]
[SourceVersionDate "2021.10.06"]
[SourceQuality "1"]

1. e4 e5 2. Nf3 d5 3. exd5 Bd6 4. d3 Nf6 5. Nc3 O-O 6. h3 h6 7. Be3 a6 8. Nh2 b5 9. Ng4 Nbd7 10. g3 Bb7 11. Bg2 b4 12. Nxf6+ Nxf6 13. Ne4 Nxd5 14. O-O Qe7 15. Qd2 a5 16. Nxd6 cxd6 17. Rae1 Rac8 18. f4 Qd7 19. fxe5 dxe5 20. Bf2 f6 21. Rc1 Rfd8 22. Kh2 Ne7 23. Bb6 Bxg2 24. Qxg2 Re8 25. Qf2 Qd5 26. Be3 Qxa2 27. Bxh6 gxh6 28. Qxf6 Rc6 29. Qxe5 Re6 30. Qh5 Ng6 31. Rf2 Qxb2 32. Rcf1 a4 33. c4 Qg7 34. Qb5 Re3 35. Qd5+ Kh8 36. Qd6 Ne5 37. Qf6 Rxd3 38. c5 b3 39. g4 Qxf6 40. Rxf6 b2 41. Rxh6+ Kg7 42. Rb6 Nf3+ 43. Rxf3 Rxf3 44. Rxb2 a3 0-1

[Event "Ste Foy Fischer"]
[Site "Ste Foy CAN"]
[Date "2017.10.21"]
[Round "2"]
[White "Chouinard, Etienne"]
[Black "Bernatchez, Dan"]
[Result "1-0"]
[WhiteElo "1880"]
[BlackElo "1967"]
[WhiteFideId "-1"]
[WhiteFideId "-1"]
[PlyCount "79"]
[GameId "2160767908317470"]
[EventDate "2017.10.14"]
[EventType "swiss"]
[EventRounds "5"]
[EventCountry "CAN"]
[SourceTitle "EXT 2022"]
[Source "ChessBase"]
[SourceDate "2021.10.06"]
[SourceVersion "1"]
[SourceVersionDate "2021.10.06"]
[SourceQuality "1"]

1. e4 c5 2. f4 e6 3. Nf3 d5 4. e5 Nc6 5. c3 Nge7 6. d4 Qb6 7. dxc5 Qxc5 8. Nd4 Nf5 9. Nxf5 exf5 10. b4 Qb6 11. Qxd5 Be6 12. Qb5 Qc7 13. Be2 a6 14. Qa4 Be7 15. Be3 O-O 16. O-O b5 17. Qd1 Rfd8 18. Qe1 Rac8 19. Qf2 Rd7 20. a4 Rb8 21. axb5 axb5 22. Na3 f6 23. Nxb5 Qc8 24. Nd4 Nd8 25. Nxe6 Nxe6 26. Rfc1 Rc7 27. Ba6 Qe8 28. Bb6 Rc6 29. Bb5 Rbxb6 30. Qxb6 Rxb6 31. Bxe8 Nxf4 32. exf6 Bxf6 33. Ra8 g5 34. Kf1 Kg7 35. b5 Nd3 36. Rd1 Ne5 37. Rc8 Rb7 38. Rd6 Re7 39. b6 Ng4 40. Rd7 1-0

[Event "Ste Foy Fischer"]
[Site "Ste Foy CAN"]
[Date "2017.10.21"]
[Round "2"]
[White "Desbiens, Raphael"]
[Black "Lessard, Claude"]
[Result "1-0"]
[WhiteElo "1932"]
[BlackElo "2135"]
[WhiteFideId "-1"]
[WhiteFideId "-1"]
[PlyCount "99"]
[GameId "2160767908317471"]
[EventDate "2017.10.14"]
[EventType "swiss"]
[EventRounds "5"]
[EventCountry "CAN"]
[SourceTitle "EXT 2022"]
[Source "ChessBase"]
[SourceDate "2021.10.06"]
[SourceVersion "1"]
[SourceVersionDate "2021.10.06"]
[SourceQuality "1"]

1. e4 d6 2. d4 g6 3. c4 Bg7 4. Nf3 c5 5. Be2 cxd4 6. Nxd4 Nc6 7. Be3 Nf6 8. Nc3 O-O 9. Qd2 Ng4 10. Bxg4 Bxg4 11. f3 Bd7 12. Rc1 Rc8 13. b3 Qa5 14. O-O Rfe8 15. Rfd1 a6 16. Nd5 Qxd2 17. Rxd2 Nxd4 18. Bxd4 Bxd4+ 19. Rxd4 Be6 20. Rcd1 b5 21. cxb5 axb5 22. R1d2 Rc5 23. g4 Kf8 24. Kf2 f6 25. Ke3 g5 26. h4 h6 27. h5 Rec8 28. a4 bxa4 29. bxa4 Ra8 30. Rb2 Kf7 31. Rb5 Rc1 32. Rb7 Bxd5 33. exd5 Ra1 34. Rbb4 f5 35. gxf5 Kf6 36. Re4 Ra7 37. Re6+ Kxf5 38. Rxh6 Rc7 39. Re6 Rc3+ 40. Kd4 Rxf3 41. Kc4 Rc1+ 42. Kb5 Rc5+ 43. Kb6 Rxd5 44. Rxe7 Kf6 45. Rh7 Rf4 46. Rb5 Rd3 47. a5 g4 48. a6 Ra4 49. Rh6+ Ke7 50. Ka7 1-0

[Event "Ste Foy Fischer"]
[Site "Ste Foy CAN"]
[Date "2017.10.21"]
[Round "2"]
[White "Drolet, Stephane"]
[Black "Fecteau, Martin"]
[Result "1-0"]
[WhiteElo "2100"]
[BlackElo "1938"]
[WhiteFideId "-1"]
[WhiteFideId "-1"]
[PlyCount "71"]
[GameId "2160767908317472"]
[EventDate "2017.10.14"]
[EventType "swiss"]
[EventRounds "5"]
[EventCountry "CAN"]
[SourceTitle "EXT 2022"]
[Source "ChessBase"]
[SourceDate "2021.10.06"]
[SourceVersion "1"]
[SourceVersionDate "2021.10.06"]
[SourceQuality "1"]

1. d4 d5 2. Nf3 Nf6 3. c4 c6 4. Nc3 e6 5. Bg5 Nbd7 6. e3 Qa5 7. Nd2 Bb4 8. Qc2 O-O 9. Be2 Ne4 10. Ndxe4 dxe4 11. Bh4 e5 12. c5 exd4 13. exd4 Nf6 14. O-O Bxc3 15. bxc3 Nd5 16. c4 Nc3 17. Bh5 b5 18. Rfc1 Na4 19. Qxe4 Be6 20. Qxc6 Bxc4 21. Bf3 Rac8 22. Qd6 Rfe8 23. Bg4 Be6 24. Bf3 Bc4 25. Qg3 Qd2 26. Bf6 Qh6 27. Bg5 Qa6 28. c6 Rxc6 29. Bxc6 Qxc6 30. Re1 Rc8 31. Re7 a5 32. Rae1 Kf8 33. R7e3 f6 34. Bf4 Bxa2 35. Re7 Bf7 36. Bd6 1-0

[Event "Ste Foy Fischer"]
[Site "Ste Foy CAN"]
[Date "2017.10.21"]
[Round "2"]
[White "Sauve, Richard"]
[Black "Lemire-Paquin, Alexandre"]
[Result "0-1"]
[WhiteElo "1919"]
[BlackElo "2071"]
[WhiteFideId "-1"]
[WhiteFideId "-1"]
[PlyCount "76"]
[GameId "2160767908317473"]
[EventDate "2017.10.14"]
[EventType "swiss"]
[EventRounds "5"]
[EventCountry "CAN"]
[SourceTitle "EXT 2022"]
[Source "ChessBase"]
[SourceDate "2021.10.06"]
[SourceVersion "1"]
[SourceVersionDate "2021.10.06"]
[SourceQuality "1"]

1. d4 Nf6 2. c4 g6 3. Nc3 Bg7 4. e4 d6 5. f3 O-O 6. Be3 a6 7. Bd3 Nc6 8. Nge2 Nd7 9. Qd2 e5 10. d5 Nd4 11. O-O c5 12. dxc6 bxc6 13. Rad1 Rb8 14. Bb1 c5 15. Nd5 Nb6 16. Nxb6 Qxb6 17. b3 f5 18. exf5 gxf5 19. Nc3 Bb7 20. Kh1 Qd8 21. Bh6 Qf6 22. Bxg7 Qxg7 23. Ne2 Rf6 24. Nxd4 cxd4 25. Qf2 Rbf8 26. b4 Rh6 27. c5 dxc5 28. bxc5 Qg5 29. f4 Qh5 30. Qg1 Kh8 31. fxe5 Rg8 32. Rd2 Rhg6 33. Rff2 Rg5 34. e6 f4 35. Rxd4 Rxg2 36. Rxg2 Rxg2 37. Be4 Rxg1+ 38. Kxg1 Qxc5 0-1

[Event "Ste Foy Fischer"]
[Site "Ste Foy CAN"]
[Date "2017.10.28"]
[Round "3"]
[White "Brisson, Christian"]
[Black "Sauve, Richard"]
[Result "1/2-1/2"]
[WhiteElo "1456"]
[BlackElo "1919"]
[WhiteFideId "-1"]
[WhiteFideId "-1"]
[PlyCount "138"]
[GameId "2160767908317474"]
[EventDate "2017.10.14"]
[EventType "swiss"]
[EventRounds "5"]
[EventCountry "CAN"]
[SourceTitle "EXT 2022"]
[Source "ChessBase"]
[SourceDate "2021.10.06"]
[SourceVersion "1"]
[SourceVersionDate "2021.10.06"]
[SourceQuality "1"]

1. b3 d5 2. Nf3 e6 3. Bb2 Nf6 4. e3 c5 5. c4 Nc6 6. d3 Be7 7. Be2 O-O 8. O-O b6 9. Nbd2 Bb7 10. Re1 Qc7 11. Rc1 Rad8 12. a3 Rfe8 13. Qc2 e5 14. cxd5 Nxd5 15. Ne4 Nf6 16. Ng3 Bf8 17. Red1 a5 18. Ng5 h6 19. N5e4 Nxe4 20. Nxe4 Qe7 21. Ng3 Qe6 22. Bf3 Be7 23. Qc4 Qxc4 24. dxc4 Bf6 25. Nh5 Rxd1+ 26. Rxd1 Rd8 27. Nxf6+ gxf6 28. Rxd8+ Nxd8 29. Bd1 Ne6 30. Bg4 Be4 31. Bxe6 fxe6 32. Bc3 Bd3 33. f4 exf4 34. exf4 Kf7 35. Kf2 Bc2 36. b4 axb4 37. axb4 Bd3 38. bxc5 bxc5 39. Ba5 Ke7 40. Bb6 Kd6 41. Ba5 Bxc4 42. Bc3 e5 43. fxe5+ fxe5 44. g4 Bf7 45. Bd2 h5 46. g5 Kd5 47. Ke3 Bg6 48. Bc3 Ke6 49. h4 c4 50. Be1 Kf5 51. Bc3 Kg4 52. Be1 Bf5 53. Kd2 Kf3 54. Kd1 e4 55. Kd2 e3+ 56. Kd1 Bd3 57. Bc3 Kg4 58. Be1 c3 59. Bxc3 Kxh4 60. Bf6 Kg4 61. Bd4 Kf3 62. Ke1 h4 63. Bb6 h3 64. Bc7 Kg4 65. g6 Kf3 66. g7 Bc4 67. Bd6 Kg2 68. g8=Q+ Bxg8 69. Ke2 h2 1/2-1/2

[Event "Ste Foy Fischer"]
[Site "Ste Foy CAN"]
[Date "2017.10.28"]
[Round "3"]
[White "Desbiens, Raphael"]
[Black "Drolet, Stephane"]
[Result "0-1"]
[WhiteElo "1932"]
[BlackElo "2100"]
[WhiteFideId "-1"]
[WhiteFideId "-1"]
[PlyCount "58"]
[GameId "2160767908317475"]
[EventDate "2017.10.14"]
[EventType "swiss"]
[EventRounds "5"]
[EventCountry "CAN"]
[SourceTitle "EXT 2022"]
[Source "ChessBase"]
[SourceDate "2021.10.06"]
[SourceVersion "1"]
[SourceVersionDate "2021.10.06"]
[SourceQuality "1"]

1. e4 e6 2. d4 d5 3. Nd2 Be7 4. Bd3 c5 5. c3 cxd4 6. cxd4 Nc6 7. Ngf3 dxe4 8. Nxe4 Nf6 9. O-O O-O 10. Bc2 Nxe4 11. Bxe4 Bf6 12. Qc2 h6 13. Bxc6 bxc6 14. Qxc6 Rb8 15. Qa4 Bb7 16. Bf4 Rc8 17. Ne5 Bg5 18. Bg3 Qd5 19. f3 Rfd8 20. Qxa7 Rc2 21. Bf2 Ra8 22. Qb6 Ba6 23. Rfe1 Bd2 24. Reb1 f6 25. Ng4 Bb7 26. Be3 h5 27. Bxd2 hxg4 28. Rd1 gxf3 29. Qb3 Qxb3 0-1

[Event "Ste Foy Fischer"]
[Site "Ste Foy CAN"]
[Date "2017.10.28"]
[Round "3"]
[White "L'Heureux, Clement"]
[Black "Robitaille, Denis"]
[Result "1/2-1/2"]
[WhiteElo "1940"]
[BlackElo "1830"]
[WhiteFideId "-1"]
[WhiteFideId "-1"]
[PlyCount "80"]
[GameId "2160767908317476"]
[EventDate "2017.10.14"]
[EventType "swiss"]
[EventRounds "5"]
[EventCountry "CAN"]
[SourceTitle "EXT 2022"]
[Source "ChessBase"]
[SourceDate "2021.10.06"]
[SourceVersion "1"]
[SourceVersionDate "2021.10.06"]
[SourceQuality "1"]

1. Nf3 g6 2. g3 Bg7 3. Bg2 f5 4. O-O Nf6 5. d3 O-O 6. Nbd2 d6 7. c3 Qe8 8. Qc2 e5 9. e3 Nc6 10. a3 Nd8 11. b4 Kh8 12. Bb2 Nf7 13. c4 Bd7 14. a4 Rc8 15. a5 g5 16. Nb1 c6 17. Qb3 d5 18. c5 e4 19. Ne1 Ne5 20. Bd4 Ng6 21. a6 Rc7 22. Ra3 Bc8 23. axb7 Rxb7 24. Qa2 Rff7 25. Bc3 f4 26. Bxf6 Bxf6 27. gxf4 gxf4 28. dxe4 dxe4 29. exf4 Nxf4 30. Qc4 Nxg2 31. Nxg2 Rg7 32. Re1 Rbd7 33. Rae3 Rd4 34. Qe2 Rxb4 35. Nd2 Bg4 36. Rxe4 Rxe4 37. Qxe4 Re7 38. Qxg4 Rxe1+ 39. Nxe1 Qxe1+ 40. Nf1 Qe8 1/2-1/2

[Event "Ste Foy Fischer"]
[Site "Ste Foy CAN"]
[Date "2017.10.28"]
[Round "3"]
[White "Lemire-Paquin, Alexandre"]
[Black "Chouinard, Etienne"]
[Result "1-0"]
[WhiteElo "2071"]
[BlackElo "1880"]
[WhiteFideId "-1"]
[WhiteFideId "-1"]
[PlyCount "85"]
[GameId "2160767908317477"]
[EventDate "2017.10.14"]
[EventType "swiss"]
[EventRounds "5"]
[EventCountry "CAN"]
[SourceTitle "EXT 2022"]
[Source "ChessBase"]
[SourceDate "2021.10.06"]
[SourceVersion "1"]
[SourceVersionDate "2021.10.06"]
[SourceQuality "1"]

1. b3 e5 2. Bb2 Nc6 3. e3 d5 4. Bb5 Bd6 5. Nf3 f6 6. c4 Be6 7. cxd5 Bxd5 8. Nc3 Bxf3 9. Qxf3 Nge7 10. Bc4 Qd7 11. Qh5+ Ng6 12. O-O O-O-O 13. Ne4 Kb8 14. Rac1 Qe7 15. Bb5 Nb4 16. a3 Nd5 17. b4 Nb6 18. Rc2 a6 19. Be2 Nf8 20. Nc5 Bxc5 21. bxc5 Na4 22. Qg4 Nxb2 23. Rxb2 Ne6 24. Bxa6 Nxc5 25. Qb4 b6 26. d4 exd4 27. exd4 Rxd4 28. Qxd4 Nxa6 29. a4 Rd8 30. Qc4 Qe5 31. Re2 Qa5 32. h4 Nc5 33. Ra1 Kb7 34. Rb2 c6 35. Rab1 Nxa4 36. Rb4 Qf5 37. Qb3 Nc5 38. Rxb6+ Kc7 39. Rb7+ Kc8 40. Rb8+ Kd7 41. Rd1+ Ke7 42. Qe3+ Qe6 43. Qxc5+ 1-0

[Event "Ste Foy Fischer"]
[Site "Ste Foy CAN"]
[Date "2017.10.28"]
[Round "3"]
[White "Lessard, Claude"]
[Black "Laflamme, Simon"]
[Result "1/2-1/2"]
[WhiteElo "2135"]
[BlackElo "1908"]
[WhiteFideId "-1"]
[WhiteFideId "-1"]
[PlyCount "37"]
[GameId "2160767908317478"]
[EventDate "2017.10.14"]
[EventType "swiss"]
[EventRounds "5"]
[EventCountry "CAN"]
[SourceTitle "EXT 2022"]
[Source "ChessBase"]
[SourceDate "2021.10.06"]
[SourceVersion "1"]
[SourceVersionDate "2021.10.06"]
[SourceQuality "1"]

1. e4 Nf6 2. Nc3 e5 3. Bc4 Nc6 4. Nf3 Bc5 5. d3 h6 6. a3 a6 7. O-O O-O 8. Nd5 d6 9. Be3 Bxe3 10. Nxf6+ Qxf6 11. fxe3 Be6 12. Nd4 Qg5 13. Nxe6 Qxe3+ 14. Kh1 fxe6 15. Bxe6+ Kh8 16. Qh5 Nd4 17. Bf5 Nxf5 18. exf5 Rf6 19. Qf3 1/2-1/2

[Event "Ste Foy Fischer"]
[Site "Ste Foy CAN"]
[Date "2017.11.04"]
[Round "4"]
[White "Chouinard, Etienne"]
[Black "Desbiens, Raphael"]
[Result "0-1"]
[WhiteElo "1880"]
[BlackElo "1932"]
[WhiteFideId "-1"]
[WhiteFideId "-1"]
[PlyCount "90"]
[GameId "2160767908317479"]
[EventDate "2017.10.14"]
[EventType "swiss"]
[EventRounds "5"]
[EventCountry "CAN"]
[SourceTitle "EXT 2022"]
[Source "ChessBase"]
[SourceDate "2021.10.06"]
[SourceVersion "1"]
[SourceVersionDate "2021.10.06"]
[SourceQuality "1"]

1. d4 Nf6 2. c4 g6 3. Nc3 d5 4. Bg5 Bg7 5. Bxf6 Bxf6 6. Nxd5 Bg7 7. e3 c5 8. Nf3 Nc6 9. Ne5 cxd4 10. exd4 Nxe5 11. dxe5 Bxe5 12. Qe2 Bg7 13. O-O-O Qd6 14. Qe3 Bf5 15. c5 Rc8 16. b4 b6 17. Ba6 Rc7 18. Nxc7+ Qxc7 19. Bb5+ Kf8 20. Qd2 Be5 21. Qd8+ Kg7 22. Qxc7 Bxc7 23. Bd7 e6 24. c6 b5 25. f3 g5 26. g4 Bg6 27. Bxe6 Bf4+ 28. Kb2 fxe6 29. Rd7+ Kf6 30. Rxa7 Rd8 31. Rd7 Rc8 32. Rb7 Be5+ 33. Ka3 Bd3 34. Rc1 Bxh2 35. Rc3 Bc4 36. Rxc4 bxc4 37. b5 Bd6+ 38. Kb2 Ke5 39. Rxh7 Kd5 40. a4 Kc5 41. Ra7 Rh8 42. Ra6 Rh2+ 43. Kb1 c3 44. c7 Bxc7 45. Rc6+ Kb4 0-1